00321nam a2200097Ia 4500008004100000245007900041245001700120260000900137650002600146856005100172171204s9999 xx 000 0 und d aBeyond Significance Testing: Statistics Reform in the Behavioral Sciences: cRex B. Kline c2013 xADVANCED STATISTICS 1 uhttp://down.ebook777.com/034/9781433812781.pdf